Basic Understanding to hospitality and tourism marketing with IMC / (Record no. 364523)
[ view plain ]
| 000 -LEADER | |
|---|---|
| fixed length control field | 00547nam a2200133Ia 4500 |
| 008 - FIXED-LENGTH DATA ELEMENTS--GENERAL INFORMATION | |
| fixed length control field | 200928s9999 xx 000 0 und d |
| 020 ## - INTERNATIONAL STANDARD BOOK NUMBER | |
| International Standard Book Number | 978-971-9654-68-1 |
| 100 ## - MAIN ENTRY--PERSONAL NAME | |
| Personal name | Velasco, Evelyn O. |
| 245 ## - TITLE STATEMENT | |
| Statement of responsibility, etc | Evelyn O. Velasco, Daryl A. Javier, Enrique Perez.-- |
| Title | Basic Understanding to hospitality and tourism marketing with IMC / |
| 260 ## - PUBLICATION, DISTRIBUTION, ETC. (IMPRINT) | |
| Place of publication, distribution, etc | Manila : |
| Name of publisher, distributor, etc | Unlimited Books Library Services & Publishing Inc. |
| Date of publication, distribution, etc | 2017 |
| 300 ## - PHYSICAL DESCRIPTION | |
| Extent | viii , 134 pages : |
| Other physical details | illustrations ; |
| Dimensions | 23 cm. |
| 650 ## - SUBJECT ADDED ENTRY--TOPICAL TERM | |
| Topical term or geographic name as entry element | Hospitality industry -- marketing |
| 650 ## - SUBJECT ADDED ENTRY--TOPICAL TERM | |
| Topical term or geographic name as entry element | Tourism -- marketing |
| Withdrawn status | Lost status | Damaged status | Home library | Current library | Shelving location | Date acquired | Source of acquisition | Total Checkouts | Full call number | Barcode | Date last seen | Price effective from | Koha item type |
|---|---|---|---|---|---|---|---|---|---|---|---|---|---|
| College Library | College Library | Filipiniana Section | 09/28/2020 | Library Fund | TX 911.3.M3 .V433 2017 | C22632 | 09/28/2020 | 09/28/2020 | Books |